| 000 | 00654nam a2200217Ia 4500 | ||
|---|---|---|---|
| 008 | 160114s9999 xx 000 0 und d | ||
| 020 | _a0-545028426 | ||
| 050 | _aFic | ||
| 050 | _b.F528g 2007 | ||
| 100 | _aFisch, Sarah | ||
| 245 |
_aGiving thanks / _cby Sarah Fisch ; illustrated by Bob Roper. |
||
| 260 |
_aNew York : _bScholastic Inc _c2007 |
||
| 300 |
_bcolor illustrations ; _c23 cm. |
||
| 440 | _aClifford's puppy days. | ||
| 650 | _aClifford (Fictitious character : Bridwell) -- | ||
| 650 | _aDogs -- | ||
| 650 | _aThanksgiving Day -- | ||
| 650 | _x Juvenile fiction. | ||
| 650 | _xJuvenile fiction. | ||
| 650 | _xJuvenile fiction. | ||
| 999 |
_c290374 _d290374 |
||